Příběhy lstivého Odyssea : pro dnešní čtenáře /

Main Author: De Crescenzo, Luciano, 1928-2019
Language: Czech
Published: Praha : Dokořán, 2009
Edition: 1. vyd. v českém jazyce
Online Access: Digitalizovaný dokument
Physical Description: 219 s. ; 21 cm
Book
Saved in:
LEADER 01680nam a2200457 a 4500
001 nkc20091965132
003 CZ PrNK
005 20170104093302.0
007 ta
008 090624s2009 xr g 000 j cze
015 |a cnb001965132 
020 |a 978-80-7363-238-0  |q (váz.) :  |c Kč 298,00 
035 |a (OCoLC)433014925 
040 |a OLA001  |b cze  |d ABA001 
041 1 |a cze  |h ita 
072 7 |a 821.14'02  |x Řecká antická literatura  |2 Konspekt  |9 25 
080 |a 821.14-1  |2 MRF 
080 |a (0:82-13)  |2 MRF 
080 |a (0.046.6)  |2 MRF 
080 |a (0:82-321.3)  |2 MRF 
100 1 |a De Crescenzo, Luciano,  |d 1928-2019  |7 jn19990001664  |4 aut 
245 1 0 |a Příběhy lstivého Odyssea :  |b pro dnešní čtenáře /  |c Luciano De Crescenzo ; [z italského originálu ... přeložila Karolina Křížová] 
250 |a 1. vyd. v českém jazyce 
260 |a Praha :  |b Dokořán,  |c 2009 
300 |a 219 s. ;  |c 21 cm 
655 7 |a řecká poezie  |7 fd133986  |2 czenas 
655 7 |a eposy  |7 fd315234  |2 czenas 
655 7 |a literární adaptace  |7 fd119387  |2 czenas 
655 7 |a dobrodružné příběhy  |7 fd132060  |2 czenas 
655 9 |a Greek poetry  |2 eczenas 
655 9 |a eposes  |2 eczenas 
655 9 |a literary adaptations  |2 eczenas 
655 9 |a adventure stories  |2 eczenas 
765 0 |t Nessuno  |9 Česky 
787 0 |a Homéros,  |t Odyssea  |d 8. stol. př. Kr. 
856 4 1 |u http://www.digitalniknihovna.cz/mzk/uuid/uuid:3967b8d0-f3b0-11e4-8936-005056827e51  |y Digitalizovaný dokument  |x NDK 
910 2 |a BOA001  |b 2-1226.326 
990 |a BK 
995 |a 01 
991 |b 200907 
996 6 |b 2610383824  |c 2-1226.326  |l MZK  |r Sklad / do 1 hodiny  |n 1  |p p.v.  |w 001087959  |u 000010  |a 1  |e BOA001  |j MZK50  |s P